000 00462nam a2200169 i 4500
001 83244
003 ES-MaACL
005 20250920063048.0
007 t|
008 041116s1925 sp ||||1| spa d
100 1 _aInsúa, Alberto,
_d1885-1963
_965346
245 1 0 _aMi tía Manolita /
_cAlberto Insúa.
260 _aMadrid :
_b[s.n.,
_c1925] (
_fSèz Hermanos)
300 _a234 p. ;
_c19 cm.
852 _aES-MaACL
_jF-1188
999 _c83244
_d83244